[Event "Finistere-chT 0102"]
[Site "Finistere"]
[Date "2002.01.12"]
[Round "3.17"]
[White "Baron, Michel"]
[Black "Quere, Frederic"]
[Result "1-0"]
[WhiteElo "1460"]
[BlackElo "1499"]
[PlyCount "43"]
[EventDate "2001.??.??"]
[EventType "team"]
[EventRounds "7"]
[EventCountry "FRA"]
[SourceTitle "EXT 2003"]
[Source "ChessBase"]
[SourceDate "2002.11.25"]
[SourceVersion "1"]
[SourceVersionDate "2002.11.25"]
[SourceQuality "1"]

1. d4 f5 2. Nf3 e6 3. c4 Nf6 4. Nc3 b6 5. g3 Bb7 6. Bg2 Bb4 7. Bd2 c6 8. 0-0 d5 9. cxd5 cxd5 10. Rc1 Nbd7 11. Nb5 Bxd2 12. Qxd2 Ne4 13. Qb4 Qe7 14. Nc7+ Kf7 15. Qxe7+ Kxe7 16. Nxa8 Rxa8 17. Rc7 Rb8 18. Ne5 Kd8 19. Rxd7+ Ke8 20. Bxe4 fxe4 21. Rxg7 Ba6 22. Rg8+ 1-0